Statistiken für Geographie nach Bild - U

Klicken Sie hier um das Quiz zu spielen!

Allgemein

  • Dieses Quiz wurde 2.783 mal gespielt
  • Das Durchschnittsergebnis liegt bei 11 aus 18

Antwortstatistiken

Antwort% Korrekt
Uganda
94%
Utah
92%
Uruguay
91%
Ural
82%
Usbekistan
82%
Ulm
81%
Ungarn
79%
Uluru
67%
Ulaanbaatar
62%
Usedom
60%
Ukraine
59%
{Unter} {den} {Linden}
53%
Upsala
50%
Utrecht
50%
Ulster
36%
{Uttar} Pradesh
26%
Unterfranken
18%
Ushuaia
16%

Verteilung der Resultate

Perzentil nach korrekt beantworteten Fragen

Anzahl Personen mit jedem Resultat

Ihre Resultats-Entwicklung

Sie haben dieses Quiz noch nicht gespielt